Visigodos, hispano-romanos y bizantinos en la zona valenciana en el siglo VI (España) /

Bibliographic Details
Main Author: Martí Matias, Miquel Ramon
Format: Book
Language:Spanish
Published: Oxford, England : J. and E. Hedges : 2001.
Series:BAR international series ; 943.
Subjects:

MARC

Tag First Indicator Second Indicator Subfields
LEADER 00000cam a2200000 a 4500
001 in00001637521
005 20151023063418.0
008 010724s2001 enkab b 000 0 spa c
020 |a 1841711764 
035 |a (OCoLC)ocm47640688 
040 |a LRU  |c LRU  |d TXA  |d UtOrBLW 
042 |a pcc 
043 |a e-sp--- 
049 |a TXAM 
050 4 |a DP302.V201  |b M37 2001 
100 1 |a Martí Matias, Miquel Ramon. 
245 1 0 |a Visigodos, hispano-romanos y bizantinos en la zona valenciana en el siglo VI (España) /  |c Miquel Ramon Martí Matias. 
264 1 |a Oxford, England :  |b J. and E. Hedges :  |c 2001. 
264 2 |a Oxford, England :  |b Distributed by Hadrian Books, 
300 |a 171 pages :  |b illustrations, maps ;  |c 30 cm. 
336 |a text  |b txt  |2 rdacontent 
337 |a unmediated  |b n  |2 rdamedia 
338 |a volume  |b nc  |2 rdacarrier 
490 1 |a BAR international series,  |v 943 
504 |a Includes bibliographical references (pages 165-171). 
651 0 |a Valencia (Spain : Region)  |x Antiquities. 
651 0 |a Valencia (Spain : Region)  |x History. 
651 0 |a Spain  |x History  |y Gothic period, 414-711. 
651 0 |a Valencia (Spain : Region)  |x Church history. 
650 0 |a Visigoths  |z Spain  |z Valencia (Region) 
830 0 |a BAR international series ;  |v 943. 
948 |a cataloged  |b h  |c 2001/8/22  |d c  |e jspillan  |f 1:57:43 pm 
994 |a E0  |b TXA 
999 |a MARS 
999 f f |s a559fa85-726d-37a0-9626-90e9e96370d6  |i 430692a0-a309-3fbd-b64b-e2c6cbb2b9aa  |t 0 
952 f f |p ric  |a Texas A&M University  |b Rellis Campus  |c Joint Library Facility  |d Remote Storage  |t 0  |e DP302.V201 M37 2001  |h Library of Congress classification  |i unmediated -- volume  |m A14828050458 
998 f f |a DP302.V201 M37 2001  |t 0  |l Remote Storage